| 000 | 00499nam a2200145Ia 4500 | ||
|---|---|---|---|
| 008 | 230917s9999||||xx |||||||||||||| ||und|| | ||
| 040 |
_e178761 _aMAIN |
||
| 041 | _aEnglish | ||
| 082 | _a891.43275 DS493B | ||
| 100 | _aदेवेन्द्र स्वामी | ||
| 245 | 0 | _aबीसवीं सदी के अंतिम दो दशकीय हिन्दी नाटकः दृष्टि एवं शिल्प | |
| 260 | _c2002 | ||
| 300 | _a256 पृ. p. | ||
| 942 | _cTH | ||
| 999 |
_c89502 _d89502 |
||